Učebnica práva pre ekonómov 1

Bibliographic Details
Main Authors: Schultz, Ivan, 1927- (Author), Suchoža, Jozef, 1931-2024 (Author), Szabó, Mikuláš (Author), Tóth, Ľudovít (Author), Virsík, Július (Author), Zirin, Anton, 1916-2003 (Author), Hvožďárová, Mária, 1943- (Author)
Format: Book
Language:Slovak
Published: Bratislava Obzor 1978
Edition:1. vyd.
Series:Vysokoškolské učebnice

MARC

LEADER 00000nam a2200000 a 4500
001 vtls001111899
003 SK-MaSNL
005 20260302064252.0
008 250414s1978 xo 0 slo
015 |a SNBA1978 
035 |a SNK000054742 
040 |a SNK  |b slo  |c SNK  |e AACR2 
041 0 |a slo 
044 |a xo  |c SK 
080 |a 347.71/.77(075.8)  |2 1981 
100 1 |a Schultz, Ivan,  |d 1927-  |4 aut  |9 46785 
245 1 0 |a Učebnica práva pre ekonómov  |n 1  |c Ivan Schultz ; Jozef Suchoža, Mikuláš Szabó, Ľudovít Tóth, Július Virsík, Anton Zirin, Mária Hvožďarová, Hana Šolcová 
250 |a 1. vyd. 
260 |a Bratislava  |b Obzor  |c 1978  |e Bratislava  |f Svornosť 
300 |a 445 s., 28,54 AH  |c 21 cm 
366 |e 10000 výtl. 
490 1 |a Vysokoškolské učebnice 
500 |a Lit. 63. Zozn. použ. zn. a skr. Schválilo MŠ SSR ako vysokošk. učebnicu pre posl. vys. škôl ekonom. 63 zázn. lit. o knihách, čas. a čl. v jaz. slov., čes. a rus. 
700 1 |a Suchoža, Jozef,  |d 1931-2024  |4 aut  |9 182090 
700 1 |a Szabó, Mikuláš  |4 aut  |9 421192 
700 1 |a Tóth, Ľudovít  |4 aut  |9 8215 
700 1 |a Virsík, Július  |4 aut  |9 443515 
700 1 |a Zirin, Anton,  |d 1916-2003  |4 aut  |9 5032 
700 1 |a Hvožďárová, Mária,  |d 1943-  |4 aut  |9 44431 
700 1 |a Šolcová, Hana  |4 bkd  |9 279729 
852 |a Slovenská národná knižnica 
954 |a právo hospodárske  |a riadenie národného hospodárstva 
954 |a organizácie socialistické  |a záväzky hospodárske  |a zmluvy hospodárske 
954 |a právo priemyselné  |a normalizácia technická  |a RVHP 
958 |a OND 
958 |a [NB63] 
958 |a NB 
958 |a TL 
958 |a UV 
999 |c 1136721  |d 1138651 
952 |t P60, <04>, [BOOK], {604}  |a SNK  |b SNK  |y VYP  |7 0  |p 17A0166912  |o snkSC 43721/1 D1  |0 0  |1 0  |4 0  |d 1998-10-21  |l 0  |r 2004-12-31 00:00:00  |w 2026-02-24 
952 |a SNK  |b SNK  |y PREZ  |7 0  |p 17A0980043  |o snkSC 43721/1  |0 0  |1 0  |4 0  |d 2013-08-20  |l 0  |r 2025-10-21 00:00:00  |w 2026-02-24